Donner les noms de ces livres Asterix. - Statistiques

Statistiques générales
  • Ce quiz a été pris 23 fois
  • Le résultat moyen est 16 sur 41
Statistiques - réponses
Numéros Réponse % Correct
1 Astérix le Gaulois
84%
8 Astérix chez les Bretons
74%
2 La Serpe d'or
74%
7 Le Combat des chefs
74%
3 Astérix et les Goths
68%
17 Le Domaine des dieux
63%
18 Les Lauriers de César
63%
16 Astérix chez les Helvètes
58%
6 Astérix et Cléopâtre
58%
9 Astérix et les Normands
58%
12 Astérix aux Jeux olympiques
53%
24 Astérix chez les Belges
53%
20 Astérix en Corse
47%
14 Astérix en Hispanie
47%
31 Astérix et Latraviata
47%
10 Astérix légionnaire
47%
15 La Zizanie
47%
21 Le Cadeau de César
47%
19 Le Devin
47%
23 Obélix et Compagnie
47%
4 Astérix gladiateur
42%
22 La Grande Traversée
37%
11 Le Bouclier arverne
37%
27 Le Fils d'Astérix
37%
5 Le Tour de Gaule d'Astérix
37%
35 Astérix chez les Pictes
32%
28 Astérix chez Rahàzade
32%
26 L'Odyssée d'Astérix
32%
25 Le Grand Fossé
26%
13 Astérix et le chaudron
21%
30 La Galère d'Obélix
21%
29 La Rose et le Glaive
21%
37 Astérix et la Transitalique
16%
33 Le ciel lui tombe sur la tête
16%
40 L'Iris blanc
16%
41 Astérix en Lusitanie
11%
38 La Fille de Vercingétorix
11%
39 Astérix et le Griffon
5%
34 L'Anniversaire d'Astérix et Obélix
5%
36 Le Papyrus de César
5%
32 Astérix et la Rentrée gauloise
0%
Aucun quiz correspondant
Distribution des résultats
% des personnes avec chaque résultat
Percentile par nombre de réponses
Votre historique - résultats
Vous n’avez pas pris ce quiz